[Event "Marshall Spring Norm RR - GM"]
[Site "?"]
[Date "2019.02.28"]
[Round "1"]
[White "Korley, Kassa"]
[Black "Jacobson, Brandon"]
[Result "1/2-1/2"]
[WhiteElo "2426"]
[BlackElo "2418"]
[PlyCount "74"]
[EventDate "2019.02.28"]
[EventType "tourn"]
[EventRounds "9"]
[SourceVersionDate "2019.02.28"]

1. d4 Nf6 2. Nf3 d5 3. c4 e6 4. e3 b6 5. Bd3 Bb7 6. O-O dxc4 7. Bxc4 Nbd7 8.
Nc3 a6 9. a4 Bd6 10. Re1 c5 11. b3 O-O 12. Bb2 cxd4 13. exd4 Bb4 14. Rc1 Nd5
15. g3 Rc8 16. Qd3 N7f6 17. Ne5 Nxc3 18. Bxc3 Bxc3 19. Qxc3 Qd6 20. Qe3 Nd5 21.
Qe2 b5 22. axb5 axb5 23. Bd3 Nc3 24. Qe3 f6 25. Nf3 Qd5 26. Kg2 f5 27. Bc4 bxc4
28. Rxc3 f4 29. gxf4 Rf6 30. Qe5 Qxe5 31. fxe5 Rf4 32. bxc4 Rxd4 33. Kg3 Rdxc4
34. Rxc4 Rxc4 35. Rd1 Bc8 36. Rd8+ Kf7 37. Ng5+ Ke7 1/2-1/2

[Event "Marshall Spring Norm RR - GM"]
[Site "?"]
[Date "2019.02.28"]
[Round "1"]
[White "Yudasin, Leonid"]
[Black "Brodsky, David"]
[Result "1/2-1/2"]
[WhiteElo "2517"]
[BlackElo "2402"]
[PlyCount "150"]
[EventDate "2019.02.28"]
[EventType "tourn"]
[EventRounds "9"]
[SourceVersionDate "2019.02.28"]

1. e4 e5 2. Nf3 Nc6 3. Bb5 a6 4. Ba4 Nf6 5. d3 d6 6. c3 g6 7. Nbd2 Bg7 8. Nf1
O-O 9. Ng3 d5 10. O-O b5 11. Bb3 h6 12. Re1 dxe4 13. dxe4 Qxd1 14. Rxd1 Bb7 15.
Ne1 Na5 16. Bc2 Rfd8 17. f3 Rxd1 18. Bxd1 c5 19. Be2 c4 20. Be3 Bf8 21. Nf1 Nd7
22. Nd2 Nc5 23. Rb1 Nc6 24. b3 cxb3 25. axb3 Rd8 26. Kf1 Be7 27. b4 Bg5 28.
Bxc5 Rxd2 29. c4 bxc4 30. Bxc4 Nd4 31. Nd3 Nc2 32. Nxe5 Ne3+ 33. Bxe3 Bxe3 34.
Rb3 Bd4 35. Nxf7 Kg7 36. Nd8 Bc8 37. Be6 Bb6 38. Bxc8 Rxd8 39. Bxa6 Rd1+ 40.
Ke2 Ra1 41. Bc8 Ra2+ 42. Kd3 Rxg2 43. h3 Kf6 44. Rc3 Ke5 45. Rc6 Bd8 46. b5 Rb2
47. Rxg6 Rxb5 48. Rxh6 Rb3+ 49. Ke2 Rb2+ 50. Kf1 Kf4 51. Bg4 Kg3 52. Ra6 Bc7
53. Ke1 Rh2 54. Ra7 Be5 55. Kd1 Kf4 56. Kc1 Ke3 57. Ra3+ Kf4 58. Ra5 Bd4 59.
Ra4 Ke3 60. Ra3+ Kf4 61. Rd3 Be5 62. Rd5 Bc3 63. Rd3 Be5 64. Rd2 Rxd2 65. Kxd2
Bf6 66. Kd3 Ke5 67. Kc4 Bh4 68. Kc5 Be7+ 69. Kc6 Bh4 70. Kd7 Bg5 71. Ke8 Bh4
72. Kf7 Bg5 73. Kg6 Bd8 74. Kh5 Kf4 75. h4 Bf6 1/2-1/2

[Event "Marshall Spring Norm RR - GM"]
[Site "?"]
[Date "2019.02.28"]
[Round "1"]
[White "Rozman, Levy"]
[Black "Shen, Victor"]
[Result "1/2-1/2"]
[WhiteElo "2387"]
[BlackElo "2406"]
[PlyCount "154"]
[EventDate "2019.02.28"]
[EventType "tourn"]
[EventRounds "9"]
[SourceVersionDate "2019.02.28"]

1. d4 Nf6 2. c4 e6 3. Nf3 d5 4. Nc3 c6 5. g3 Nbd7 6. Qd3 b6 7. cxd5 cxd5 8. Bf4
a6 9. Bg2 Bb7 10. O-O Be7 11. Rac1 Nh5 12. Bc7 Qxc7 13. Nxd5 Qb8 14. Nc7+ Kf8
15. Nxa8 Qxa8 16. Rc7 Ndf6 17. a3 Bd6 18. Rcc1 g6 19. Nh4 Kg7 20. Bxb7 Qxb7 21.
Qf3 Ne4 22. Ng2 Nhf6 23. Ne3 b5 24. Rc2 Rd8 25. Rd1 Bb8 26. Nf1 e5 27. e3 exd4
28. Rxd4 Rxd4 29. exd4 Qd5 30. Ne3 Qxd4 31. Qd1 Ba7 32. Qxd4 Bxd4 33. b4 Nc3
34. Kf1 Nfe4 35. f3 Nd6 36. Rd2 Bxe3 37. Rxd6 Bc1 38. Rxa6 Nb1 39. a4 Nc3 40.
Rc6 Bd2 41. a5 Nd5 42. Rd6 Bxb4 43. Rxd5 Bxa5 44. Rxb5 Bc3 45. Ke2 Bd4 46. h4
h5 47. Rd5 Bb6 48. g4 hxg4 49. fxg4 Bc7 50. Kf3 Bb6 51. g5 Kf8 52. Kg4 Kg7 53.
Rd7 Be3 54. Rd3 Bc1 55. Kf3 Bb2 56. Ke4 Bc1 57. Kd5 Kf8 58. Kd6 Ke8 59. Rf3 Bd2
60. Ke5 Ke7 61. Rb3 Be1 62. Ra3 Bb4 63. Ra7+ Kf8 64. Ra4 Bc3+ 65. Kd6 Be1 66.
Re4 Bf2 67. Rg4 Be1 68. Kd7 Bd2 69. Re4 Bc3 70. Re8+ Kg7 71. Re3 Bd4 72. Rf3 f6
73. Ke6 fxg5 74. hxg5 Bb2 75. Rb3 Bc1 76. Rb7+ Kg8 77. Rf7 Bb2 1/2-1/2

[Event "Marshall Spring Norm RR - GM"]
[Site "?"]
[Date "2019.02.28"]
[Round "1"]
[White "Khamrakulov, Djurabek"]
[Black "Yoo, Christopher Woojin"]
[Result "1/2-1/2"]
[WhiteElo "2500"]
[BlackElo "2406"]
[PlyCount "71"]
[EventDate "2019.02.28"]
[EventType "tourn"]
[EventRounds "9"]
[SourceVersionDate "2019.02.28"]

1. e4 c5 2. c3 Nf6 3. e5 Nd5 4. d4 cxd4 5. cxd4 d6 6. Nf3 dxe5 7. dxe5 Nc6 8.
Bc4 Ndb4 9. Qxd8+ Nxd8 10. Na3 a6 11. Bd2 Ndc6 12. O-O e6 13. Rfc1 Bd7 14. Be2
b5 15. Nc2 Be7 16. Ne3 O-O 17. Rd1 Rfd8 18. a3 Nd5 19. Nxd5 exd5 20. Bc3 Bf5
21. Nd4 Nxd4 22. Rxd4 Bc5 23. Rd2 d4 24. Rad1 Bc2 25. Rxc2 dxc3 26. Rxd8+ Rxd8
27. Rxc3 Bd4 28. Rc6 Ra8 29. b4 Bxe5 30. Bf3 Kf8 31. Rb6 Ra7 32. Rb7 Rxb7 33.
Bxb7 Bb2 34. Bxa6 Bxa3 35. Bxb5 Bxb4 36. g3 1/2-1/2

[Event "Marshall Spring Norm RR - GM"]
[Site "?"]
[Date "2019.02.28"]
[Round "1"]
[White "Barbosa, Oliver"]
[Black "Ostrovskiy, Aleksandr"]
[Result "1/2-1/2"]
[WhiteElo "2552"]
[BlackElo "2450"]
[PlyCount "92"]
[EventDate "2019.02.28"]
[EventType "tourn"]
[EventRounds "9"]
[SourceVersionDate "2019.02.28"]

1. Nf3 d5 2. g3 Nf6 3. Bg2 e6 4. O-O c5 5. c4 dxc4 6. Na3 Nc6 7. Nxc4 Be7 8. b3
O-O 9. Bb2 Qc7 10. Nfe5 Bd7 11. Rc1 Rfd8 12. Nxd7 Qxd7 13. d3 Rac8 14. Qd2 b6
15. Rfd1 h6 16. e3 Ne8 17. a3 Nf6 18. Qe2 Nd5 19. h3 Qe8 20. Ba1 Qd7 21. Kh2
Qe8 22. h4 Qd7 23. h5 Bf6 24. Bxf6 Nxf6 25. f4 b5 26. Bxc6 Qxc6 27. Ne5 Qd5 28.
b4 cxb4 29. axb4 Nd7 30. Nxd7 Qxd7 31. d4 Qd5 32. g4 Rc4 33. Rxc4 bxc4 34. Ra1
Qe4 35. Ra5 Rd5 36. Qxc4 Qxe3 37. Qc8+ Kh7 38. Qc2+ f5 39. Rxd5 Qxf4+ 40. Kh1
Qf1+ 41. Kh2 Qf4+ 42. Kh1 Qf3+ 43. Qg2 Qd1+ 44. Qg1 Qf3+ 45. Qg2 Qd1+ 46. Qg1
Qf3+ 1/2-1/2

[Event "Marshall Spring Norm RR - GM"]
[Site "?"]
[Date "2019.02.28"]
[Round "2"]
[White "Brodsky, David"]
[Black "Korley, Kassa"]
[Result "1/2-1/2"]
[WhiteElo "2402"]
[BlackElo "2426"]
[PlyCount "54"]
[EventDate "2019.02.28"]
[EventType "tourn"]
[EventRounds "9"]
[SourceVersionDate "2019.02.28"]

1. e4 e6 2. d4 d5 3. Nd2 c5 4. Ngf3 cxd4 5. exd5 Qxd5 6. Bc4 Qd7 7. O-O Nc6 8.
Nb3 a6 9. Nbxd4 Nxd4 10. Nxd4 Qc7 11. Bd3 Bd7 12. c3 Ne7 13. Qh5 Nc6 14. Re1
Nxd4 15. cxd4 g6 16. Qh4 Bg7 17. Bh6 O-O 18. Re3 Qd8 19. Qf4 Bxh6 20. Qxh6 Qf6
21. Rh3 Qg7 22. Qxg7+ Kxg7 23. Be4 Bc6 24. Bxc6 bxc6 25. Rc3 Rfd8 26. Rxc6 Rxd4
27. Rac1 a5 1/2-1/2

[Event "Marshall Spring Norm RR - GM"]
[Site "?"]
[Date "2019.02.28"]
[Round "2"]
[White "Shen, Victor"]
[Black "Ostrovskiy, Aleksandr"]
[Result "1/2-1/2"]
[WhiteElo "2406"]
[BlackElo "2450"]
[PlyCount "31"]
[EventDate "2019.02.28"]
[EventType "tourn"]
[EventRounds "9"]
[SourceVersionDate "2019.02.28"]

1. d4 Nf6 2. c4 e6 3. Nc3 Bb4 4. e3 O-O 5. Bd3 d5 6. cxd5 exd5 7. Nge2 Re8 8.
O-O Bd6 9. f3 c5 10. Kh1 Nc6 11. a3 a6 12. Bc2 b5 13. dxc5 Bxc5 14. Nf4 Ne7 15.
e4 dxe4 16. Nxe4 1/2-1/2

[Event "Marshall Spring Norm RR - GM"]
[Site "?"]
[Date "2019.02.28"]
[Round "2"]
[White "Jacobson, Brandon"]
[Black "Khamrakulov, Djurabek"]
[Result "1-0"]
[WhiteElo "2418"]
[BlackElo "2500"]
[PlyCount "65"]
[EventDate "2019.02.28"]
[EventType "tourn"]
[EventRounds "9"]
[SourceVersionDate "2019.02.28"]

1. c4 e6 2. g3 d5 3. Bg2 Nf6 4. d4 Be7 5. Nf3 O-O 6. O-O dxc4 7. Qc2 a6 8. a4
Bd7 9. Rd1 Bc6 10. Bg5 b5 11. Bxf6 Bxf6 12. Nc3 Qe8 13. d5 exd5 14. Nd4 Qe5 15.
e4 dxe4 16. Nxe4 Bxe4 17. Bxe4 Ra7 18. Nf3 Qe7 19. Bxh7+ Kh8 20. Rd5 g6 21. Re1
Qxe1+ 22. Nxe1 c6 23. Rd6 Be5 24. Bxg6 Bxd6 25. Bf5 Re8 26. Qd2 Be5 27. Nf3 Bg7
28. h4 Rb7 29. axb5 axb5 30. h5 c5 31. Qd5 Rbe7 32. Ng5 Rf8 33. h6 1-0

[Event "Marshall Spring Norm RR - GM"]
[Site "?"]
[Date "2019.02.28"]
[Round "2"]
[White "Rozman, Levy"]
[Black "Yudasin, Leonid"]
[Result "1/2-1/2"]
[WhiteElo "2387"]
[BlackElo "2517"]
[PlyCount "65"]
[EventDate "2019.02.28"]
[EventType "tourn"]
[EventRounds "9"]
[SourceVersionDate "2019.02.28"]

1. d4 Nf6 2. c4 e6 3. Nf3 b6 4. g3 Ba6 5. Qc2 Bb7 6. Bg2 c5 7. d5 exd5 8. cxd5
Nxd5 9. O-O Be7 10. Rd1 Nc6 11. Qf5 Nf6 12. e4 g6 13. Qf4 Nh5 14. Qh6 Bf8 15.
Qe3 Be7 16. Nc3 Ng7 17. Nd5 Ne6 18. b3 O-O 19. Bb2 Ncd4 20. b4 d6 21. Nxd4 cxd4
22. Qd3 Re8 23. f4 Bf8 24. f5 Bxd5 25. exd5 Ng7 26. fxg6 hxg6 27. Qxd4 Qg5 28.
Re1 Rac8 29. Rxe8 Rxe8 30. Rf1 Qe3+ 31. Qxe3 Rxe3 32. Kf2 Re7 33. Re1 1/2-1/2

[Event "Marshall Spring Norm RR - GM"]
[Site "?"]
[Date "2019.02.28"]
[Round "2"]
[White "Yoo, Christopher Woojin"]
[Black "Barbosa, Oliver"]
[Result "1-0"]
[WhiteElo "2406"]
[BlackElo "2552"]
[PlyCount "105"]
[EventDate "2019.02.28"]
[EventType "tourn"]
[EventRounds "9"]
[SourceVersionDate "2019.02.28"]

1. e4 e5 2. Nf3 Nc6 3. Bb5 Nf6 4. d3 d6 5. O-O g6 6. Re1 Bg7 7. d4 Bd7 8. d5
Ne7 9. Bxd7+ Nxd7 10. c4 O-O 11. Be3 h6 12. Nfd2 f5 13. f3 h5 14. Nc3 f4 15.
Bf2 g5 16. Rb1 Ng6 17. b4 Nf6 18. c5 g4 19. Nc4 Rf7 20. cxd6 cxd6 21. Nb5 Bf8
22. Bxa7 Rxa7 23. Nxa7 Nh4 24. Qe2 Rg7 25. Kh1 Nh7 26. Rf1 g3 27. Nd2 gxh2 28.
Rf2 Ng5 29. Nb5 Ng6 30. Nf1 Be7 31. Rc1 Bf6 32. Nxh2 Nh7 33. Qc4 Ngf8 34. Rfc2
Bh4 35. Qc8 Qb6 36. a4 Bg3 37. Rc7 Rxc7 38. Qxc7 Qf2 39. Nxd6 Ng5 40. Ne8 Nf7
41. Nf6+ Kg7 42. Nxh5+ Kg6 43. Ng4 Qd2 44. Nxg3 fxg3 45. Qb6+ Kg7 46. Qe3 Qxb4
47. f4 Qe7 48. Qxg3 exf4 49. Qxf4 Ng6 50. Qf3 Qh4+ 51. Kg1 Qe7 52. Qc3+ Kg8 53.
Qf6 1-0

[Event "Marshall Spring Norm RR - GM"]
[Site "?"]
[Date "2019.03.01"]
[Round "3"]
[White "Korley, Kassa"]
[Black "Rozman, Levy"]
[Result "1-0"]
[WhiteElo "2426"]
[BlackElo "2387"]
[PlyCount "105"]
[EventDate "2019.02.28"]
[EventType "tourn"]
[EventRounds "9"]
[SourceVersionDate "2019.02.28"]

1. d4 d5 2. Nf3 Nf6 3. e3 Bg4 4. c4 dxc4 5. Nbd2 e6 6. Nxc4 Bb4+ 7. Bd2 Bxd2+
8. Qxd2 Bxf3 9. gxf3 Nc6 10. Bg2 Qd5 11. Rc1 Rd8 12. O-O Qh5 13. Qc2 O-O 14. f4
Nd5 15. Kh1 a6 16. Qb3 Rb8 17. Nd2 Nce7 18. Ne4 c6 19. Nc5 Rfd8 20. a3 Nf5 21.
Qd1 Qh4 22. Qf3 Qe7 23. Rg1 Nh4 24. Qg3 Nxg2 25. Rxg2 g6 26. Qf3 b6 27. Nd3 c5
28. Ne5 Rbc8 29. Rgg1 Qe8 30. dxc5 Rxc5 31. Rxc5 bxc5 32. Rd1 Rb8 33. Rd2 Qb5
34. Kg2 Qa4 35. f5 Rf8 36. fxe6 fxe6 37. Qg4 Qxg4+ 38. Nxg4 c4 39. Rd4 Rc8 40.
Ne5 c3 41. bxc3 Rxc3 42. Ra4 Nc7 43. Kf3 Kg7 44. h4 Nb5 45. Rxa6 Rxa3 46. Rb6
Nd4+ 47. Ke4 Nf5 48. Rb7+ Kg8 49. Kf4 Nxh4 50. Kg5 Ra5 51. Kf6 Ra8 52. Rg7+ Kf8
53. Rxh7 1-0

[Event "Marshall Spring Norm RR - GM"]
[Site "?"]
[Date "2019.03.01"]
[Round "3"]
[White "Yudasin, Leonid"]
[Black "Shen, Victor"]
[Result "1/2-1/2"]
[WhiteElo "2517"]
[BlackElo "2406"]
[PlyCount "73"]
[EventDate "2019.02.28"]
[EventType "tourn"]
[EventRounds "9"]
[SourceVersionDate "2019.02.28"]

1. e4 c5 2. Nf3 d6 3. Bc4 Nf6 4. d3 e6 5. O-O Be7 6. Re1 O-O 7. Bb3 b6 8. Nbd2
Nbd7 9. Nf1 Bb7 10. Ng3 b5 11. c3 a5 12. d4 Qc7 13. Bf4 a4 14. Bc2 Rfe8 15. Rc1
Bf8 16. Bb1 e5 17. Bd2 c4 18. a3 d5 19. Nxe5 Nxe5 20. dxe5 Qxe5 21. f4 Bc5+ 22.
Kf1 Qe6 23. e5 Ng4 24. h3 Nf2 25. Qh5 Nd3 26. Bxd3 cxd3 27. Qg4 Qxg4 28. hxg4
Rac8 29. Be3 d4 30. cxd4 d2 31. Bxd2 Bxd4 32. Rxc8 Rxc8 33. Nf5 Rc2 34. Rd1
Bxb2 35. Ne3 Rc8 36. Bb4 Rc1 37. Ke2 1/2-1/2

[Event "Marshall Spring Norm RR - GM"]
[Site "?"]
[Date "2019.03.01"]
[Round "3"]
[White "Khamrakulov, Djurabek"]
[Black "Brodsky, David"]
[Result "1/2-1/2"]
[WhiteElo "2500"]
[BlackElo "2402"]
[PlyCount "88"]
[EventDate "2019.02.28"]
[EventType "tourn"]
[EventRounds "9"]
[SourceVersionDate "2019.02.28"]

1. e4 e5 2. Nf3 Nc6 3. d4 exd4 4. Nxd4 Nf6 5. Nc3 Bb4 6. Nxc6 bxc6 7. Bd3 d5 8.
exd5 O-O 9. O-O Bg4 10. f3 Bh5 11. dxc6 Qd4+ 12. Kh1 Bxc3 13. bxc3 Qxc3 14. Rb1
Bg6 15. Rb3 Qxc6 16. Bb2 Rad8 17. Qa1 Bxd3 18. cxd3 Rfe8 19. Rc1 Qd6 20. Bxf6
gxf6 21. Qb2 Re3 22. Qf2 Rde8 23. Rb8 Qf4 24. Rxe8+ Rxe8 25. Qg3+ Qxg3 26. hxg3
Re2 27. a4 Ra2 28. Rc4 Ra3 29. g4 c5 30. Kh2 Kf8 31. Kg3 Ke7 32. Kf4 Rxd3 33.
Ke4 Ra3 34. Kd5 Ra2 35. Kc6 f5 36. gxf5 Rxg2 37. a5 Ra2 38. Rxc5 Kf6 39. Kb7 h5
40. a6 h4 41. Rc6+ Kg5 42. Rc7 Kf6 43. Rc6+ Kg5 44. Rc7 Kf6 1/2-1/2

[Event "Marshall Spring Norm RR - GM"]
[Site "?"]
[Date "2019.03.01"]
[Round "3"]
[White "Barbosa, Oliver"]
[Black "Jacobson, Brandon"]
[Result "1/2-1/2"]
[WhiteElo "2552"]
[BlackElo "2418"]
[PlyCount "143"]
[EventDate "2019.02.28"]
[EventType "tourn"]
[EventRounds "9"]
[SourceVersionDate "2019.02.28"]

1. Nf3 Nf6 2. g3 b6 3. Bg2 Bb7 4. O-O g6 5. d3 Bg7 6. e4 O-O 7. e5 Ne8 8. d4 d6
9. Nc3 c5 10. dxc5 bxc5 11. Bf4 Nc6 12. Re1 Qc8 13. h4 dxe5 14. Nxe5 Nxe5 15.
Bxe5 Nf6 16. Qe2 Bxg2 17. Kxg2 Qf5 18. Qf3 Rad8 19. Qxf5 gxf5 20. Rad1 e6 21.
Bd6 Rfe8 22. Bxc5 Rb8 23. Na4 Ne4 24. Bxa7 Rb7 25. Bd4 Rb4 26. Bxg7 Rxa4 27.
Be5 Raa8 28. Bd4 e5 29. Be3 Rxa2 30. Bc1 Rc8 31. c3 h5 32. Rd5 f6 33. Red1 Kf7
34. Rd7+ Kg6 35. Re7 Rg8 36. Rc7 Ra1 37. Kf3 Rb1 38. c4 Rb8 39. Rdd7 Rg8 40.
Be3 Rxb2 41. c5 Ra2 42. c6 Rc2 43. Rh7 Nd2+ 44. Bxd2 Rxd2 45. Rcd7 Rc2 46. c7
Rc3+ 47. Ke2 f4 48. Rhe7 Kf5 49. gxf4 Kxf4 50. Rf7 f5 51. Kd2 Rc6 52. Kd3 Rc8
53. Ke2 Rc5 54. Ke1 Rc1+ 55. Kd2 Rc4 56. Kd1 Rc5 57. Ke2 Rc2+ 58. Kf1 Rc1+ 59.
Kg2 Rg8+ 60. Rg7 Rxg7+ 61. Rxg7 e4 62. Rf7 Kg4 63. Kh2 f4 64. Kg2 f3+ 65. Kh2
Rc5 66. Rg7+ Kxh4 67. Kh1 Rc1+ 68. Kh2 Rc4 69. Kg1 Rc2 70. Kh1 Rc5 71. Kg1 Rc2
72. Kh1 1/2-1/2

[Event "Marshall Spring Norm RR - GM"]
[Site "?"]
[Date "2019.03.01"]
[Round "3"]
[White "Ostrovskiy, Aleksandr"]
[Black "Yoo, Christopher Woojin"]
[Result "1-0"]
[WhiteElo "2450"]
[BlackElo "2406"]
[PlyCount "133"]
[EventDate "2019.02.28"]
[EventType "tourn"]
[EventRounds "9"]
[SourceVersionDate "2019.02.28"]

1. c4 Nf6 2. Nc3 g6 3. e4 d6 4. d4 Bg7 5. Be2 O-O 6. Be3 e5 7. d5 a5 8. g4 Na6
9. h4 Nc5 10. f3 Bd7 11. h5 a4 12. Qd2 c6 13. Nh3 cxd5 14. cxd5 Qa5 15. Nf2
Rfc8 16. Rc1 a3 17. bxa3 Qxa3 18. hxg6 fxg6 19. O-O Na4 20. Nb1 Qb2 21. Rxc8+
Rxc8 22. Qxb2 Nxb2 23. Rc1 Rxc1+ 24. Bxc1 Na4 25. Bd2 Ne8 26. g5 Nc7 27. Na3
Kf7 28. Ba5 Ne8 29. Bd2 Bf8 30. Bb5 Bxb5 31. Nxb5 Ke7 32. Ng4 Bg7 33. Bb4 Nb6
34. Kf2 Kd7 35. Ke2 Nc8 36. Kd3 Kd8 37. Ba5+ Kd7 38. Bb4 Kd8 39. a3 Kd7 40. Kc3
Kd8 41. Kd3 Kd7 42. Kc3 Kd8 43. Kb3 Kd7 44. a4 Kd8 45. Ba5+ Kd7 46. Bb4 Kd8 47.
Kc4 Nb6+ 48. Kb3 Nc8 49. Ne3 Bf8 50. Nc4 Be7 51. Bd2 Kd7 52. Na5 b6 53. Nc6 Ng7
54. Be3 Bf8 55. Kc4 Ne8 56. Bd2 Nc7 57. Nxc7 Kxc7 58. Kb5 Ne7 59. Nxe7 Bxe7 60.
Ka6 Bd8 61. Ka7 Kd7 62. Kb7 Bc7 63. Be3 Bd8 64. Bxb6 Bxg5 65. a5 h5 66. a6 h4
67. a7 1-0

[Event "Marshall Spring Norm RR - GM"]
[Site "?"]
[Date "2019.03.01"]
[Round "4"]
[White "Rozman, Levy"]
[Black "Khamrakulov, Djurabek"]
[Result "0-1"]
[WhiteElo "2387"]
[BlackElo "2500"]
[PlyCount "76"]
[EventDate "2019.02.28"]
[EventType "tourn"]
[EventRounds "9"]
[SourceVersionDate "2019.02.28"]

1. d4 Nf6 2. c4 e6 3. Nf3 d5 4. Nc3 Be7 5. Bf4 O-O 6. e3 b6 7. Bd3 Bb7 8. cxd5
exd5 9. O-O c5 10. Rc1 Nc6 11. Ne5 c4 12. Bb1 a6 13. Qf3 b5 14. Qh3 Re8 15. Ng4
g6 16. Nh6+ Kg7 17. Be5 Bc8 18. Bxf6+ Bxf6 19. Nxf7 Kxf7 20. Qxh7+ Kf8 21. Bxg6
Re7 22. Qh5 Be6 23. e4 Nxd4 24. exd5 Bg8 25. Rcd1 Bg7 26. Qg4 Qd6 27. Rfe1
Rxe1+ 28. Rxe1 Bxd5 29. Nxd5 Qxd5 30. Qh4 Rc8 31. Qe7+ Kg8 32. h4 Nc6 33. Qb7
Rf8 34. h5 Qd2 35. Rf1 Nd4 36. g3 Nf3+ 37. Kg2 Qg5 38. Rd1 Nh4+ 0-1

[Event "Marshall Spring Norm RR - GM"]
[Site "?"]
[Date "2019.03.01"]
[Round "4"]
[White "Jacobson, Brandon"]
[Black "Ostrovskiy, Aleksandr"]
[Result "1-0"]
[WhiteElo "2418"]
[BlackElo "2450"]
[PlyCount "47"]
[EventDate "2019.02.28"]
[EventType "tourn"]
[EventRounds "9"]
[SourceVersionDate "2019.02.28"]

1. e4 c6 2. Nc3 d5 3. Nf3 Nf6 4. e5 Ne4 5. Ne2 Qb6 6. d4 e6 7. Ng3 c5 8. Bd3
Nxg3 9. fxg3 Nc6 10. O-O h6 11. Kh1 cxd4 12. a3 a5 13. g4 Bd7 14. Qe2 Be7 15.
Bd2 O-O-O 16. b4 axb4 17. axb4 Bxb4 18. Rfb1 Qc5 19. Bxb4 Nxb4 20. Qe1 Nxd3 21.
cxd3 Kb8 22. Qf2 Rc8 23. Nxd4 f6 24. Qb2 1-0

[Event "Marshall Spring Norm RR - GM"]
[Site "?"]
[Date "2019.03.01"]
[Round "4"]
[White "Brodsky, David"]
[Black "Barbosa, Oliver"]
[Result "0-1"]
[WhiteElo "2402"]
[BlackElo "2552"]
[PlyCount "92"]
[EventDate "2019.02.28"]
[EventType "tourn"]
[EventRounds "9"]
[SourceVersionDate "2019.02.28"]

1. e4 e5 2. Nf3 Nc6 3. Bb5 Nf6 4. d3 Bc5 5. Bxc6 dxc6 6. Nbd2 Bg4 7. h3 Bh5 8.
Nb3 Bd6 9. g4 Bg6 10. Bd2 b6 11. Nh4 a5 12. Qf3 Qd7 13. a3 c5 14. Nf5 Bf8 15.
Be3 Qc6 16. Nd2 Nd7 17. O-O h5 18. c3 hxg4 19. hxg4 O-O-O 20. Kg2 Bxf5 21. Qxf5
f6 22. b4 a4 23. bxc5 Bxc5 24. d4 g6 25. Qf3 Be7 26. d5 Qb5 27. c4 Qa5 28. c5
Bxc5 29. Nc4 Qc3 30. Rac1 Qb3 31. d6 c6 32. Qe2 Bxe3 33. fxe3 Rh4 34. Na5 bxa5
35. Rb1 Rxg4+ 36. Qxg4 Qc2+ 37. Kg3 f5 38. Qd1 Qxe4 39. Qe2 Nc5 40. Rfc1 f4+
41. Kf2 Nd3+ 42. Kg1 f3 43. Rxc6+ Kd7 44. Rc7+ Kxd6 45. Qc2 Qg4+ 46. Kf1 Qh3+
0-1

[Event "Marshall Spring Norm RR - GM"]
[Site "?"]
[Date "2019.03.01"]
[Round "4"]
[White "Shen, Victor"]
[Black "Yoo, Christopher Woojin"]
[Result "1/2-1/2"]
[WhiteElo "2406"]
[BlackElo "2406"]
[PlyCount "82"]
[EventDate "2019.02.28"]
[EventType "tourn"]
[EventRounds "9"]
[SourceVersionDate "2019.02.28"]

1. e4 e5 2. Nf3 Nc6 3. Bc4 Bc5 4. d3 Nf6 5. O-O h6 6. c3 d6 7. Bb3 O-O 8. Nbd2
a5 9. h3 b5 10. a4 b4 11. Nc4 Re8 12. d4 exd4 13. cxd4 Ba7 14. d5 Ne7 15. Re1
Bc5 16. Bc2 Ng6 17. b3 Bb7 18. Bb2 c6 19. e5 Nxe5 20. Nfxe5 dxe5 21. d6 Ba6 22.
Bxe5 Bxc4 23. bxc4 Rxe5 24. Rxe5 Qxd6 25. Qxd6 Bxd6 26. Rf5 g6 27. Rf3 Kg7 28.
Rd1 Bc5 29. Kf1 Re8 30. Re1 Rd8 31. Re5 Nd7 32. Re4 Rb8 33. Rd3 Rb7 34. Re8 Bf8
35. Rc8 Nc5 36. Rdd8 Ne6 37. Rd3 Nc5 38. Rdd8 Ne6 39. Rd3 Nc5 40. Rdd8 Ne6 41.
Rd3 Nc5 1/2-1/2

[Event "Marshall Spring Norm RR - GM"]
[Site "?"]
[Date "2019.03.01"]
[Round "4"]
[White "Yudasin, Leonid"]
[Black "Korley, Kassa"]
[Result "1-0"]
[WhiteElo "2517"]
[BlackElo "2426"]
[PlyCount "117"]
[EventDate "2019.02.28"]
[EventType "tourn"]
[EventRounds "9"]
[SourceVersionDate "2019.02.28"]

1. e4 e6 2. Qe2 c5 3. Nf3 Nc6 4. g3 g6 5. Bg2 Bg7 6. O-O Nge7 7. d3 d6 8. c3
O-O 9. Rd1 b6 10. d4 cxd4 11. cxd4 a5 12. Bf4 d5 13. e5 h6 14. h4 Ba6 15. Qd2
Nf5 16. Bh3 Kh7 17. Nc3 Rc8 18. Rac1 Rc7 19. Kh2 Rh8 20. Kg1 Qd7 21. Bf1 Bxf1
22. Kxf1 Na7 23. Qd3 b5 24. a3 Rhc8 25. Bd2 a4 26. h5 Kg8 27. hxg6 fxg6 28. g4
Ne7 29. Kg2 Qe8 30. Ne2 g5 31. Bb4 Ng6 32. Rxc7 Rxc7 33. Bc5 Bf8 34. Bxf8 Kxf8
35. Qd2 Kg7 36. Rc1 Rf7 37. Qa5 Nc8 38. Qa8 Rf8 39. Rc7+ Kg8 40. Qc6 Qxc6 41.
Rxc6 Re8 42. Ne1 Kf7 43. Nd3 Nce7 44. Rc5 Nh4+ 45. Kg3 h5 46. f4 hxg4 47. fxg5
Nhf5+ 48. Kxg4 Rh8 49. Ndf4 Ne3+ 50. Kf3 Nc4 51. Rxb5 Rg8 52. Rb7 Rxg5 53. Nc3
Nd2+ 54. Ke2 Nb3 55. Nb5 Rg7 56. Nd6+ Kg8 57. Nxe6 Rg2+ 58. Kf3 Rg6 59. Rb8+
1-0

[Event "Marshall Spring Norm RR - GM"]
[Site "?"]
[Date "2019.03.02"]
[Round "5"]
[White "Barbosa, Oliver"]
[Black "Rozman, Levy"]
[Result "1-0"]
[WhiteElo "2552"]
[BlackElo "2387"]
[PlyCount "57"]
[EventDate "2019.02.28"]
[EventType "tourn"]
[EventRounds "9"]
[SourceVersionDate "2019.02.28"]

1. Nf3 d5 2. g3 g6 3. c4 dxc4 4. Na3 Bg7 5. Nxc4 Nc6 6. d3 e5 7. Bd2 Be6 8. Rc1
Nge7 9. b4 b5 10. Na3 Rb8 11. Bg2 h6 12. O-O O-O 13. Rc5 a6 14. Qc1 Kh7 15.
Rxc6 Nxc6 16. Qxc6 Qd6 17. Qe4 Rfc8 18. Be3 f5 19. Qh4 Bxa2 20. Rc1 c6 21. Nb1
Qf8 22. Nc3 Bb3 23. Bc5 Qe8 24. g4 fxg4 25. Qxg4 Be6 26. Qh4 Qd8 27. Be7 Qd7
28. Ne4 Bd5 29. Bh3 1-0

[Event "Marshall Spring Norm RR - GM"]
[Site "?"]
[Date "2019.03.02"]
[Round "5"]
[White "Khamrakulov, Djurabek"]
[Black "Yudasin, Leonid"]
[Result "1/2-1/2"]
[WhiteElo "2500"]
[BlackElo "2517"]
[PlyCount "33"]
[EventDate "2019.02.28"]
[EventType "tourn"]
[EventRounds "9"]
[SourceVersionDate "2019.02.28"]

1. e4 c5 2. c3 Nf6 3. e5 Nd5 4. Nf3 Nc6 5. Bc4 Nb6 6. Bb3 c4 7. Bc2 g6 8. d4
cxd3 9. Qxd3 Bg7 10. Bf4 d6 11. exd6 Bf5 12. Qe2 Bxc2 13. Qxc2 e5 14. Be3 Qxd6
15. Na3 Nd5 16. Nb5 Qe7 17. O-O-O 1/2-1/2

[Event "Marshall Spring Norm RR - GM"]
[Site "?"]
[Date "2019.03.02"]
[Round "5"]
[White "Korley, Kassa"]
[Black "Shen, Victor"]
[Result "0-1"]
[WhiteElo "2426"]
[BlackElo "2406"]
[PlyCount "108"]
[EventDate "2019.02.28"]
[EventType "tourn"]
[EventRounds "9"]
[SourceVersionDate "2019.02.28"]

1. d4 d5 2. Nf3 Nf6 3. e3 Bg4 4. h3 Bh5 5. g4 Bg6 6. Ne5 Nfd7 7. Nxg6 hxg6 8.
c4 c6 9. Nc3 e6 10. Bd2 Qb6 11. c5 Qc7 12. b4 Nf6 13. Bg2 e5 14. f4 e4 15. Qa4
Nbd7 16. b5 Be7 17. bxc6 bxc6 18. Rb1 O-O 19. O-O Rfb8 20. Qc2 Nf8 21. Ne2 Ne6
22. Rb3 Rxb3 23. axb3 Qb7 24. Ra1 Ne8 25. Be1 N8c7 26. b4 Nb5 27. Qd2 Bd8 28.
Bf1 Nec7 29. Nc1 Qc8 30. Nb3 Qd7 31. Bg3 f5 32. Be2 Rb8 33. Kg2 Ne8 34. Kh2
Nec7 35. Rg1 Na3 36. Qc1 Nab5 37. Be1 Ne6 38. Kg2 Qf7 39. Bd2 Kf8 40. g5 Ke8
41. h4 Kd7 42. Rh1 Kc8 43. Qa1 Nec7 44. Na5 Kd7 45. h5 gxh5 46. Bxh5 Qe6 47.
Be2 Be7 48. Rh7 Rg8 49. Qh1 g6 50. Qa1 Rb8 51. Qa2 a6 52. Qa1 Rg8 53. Nb3 Rb8
54. Kf2 Rg8 0-1